• 首页
  • 本馆介绍
  • 公告通知
  • 最新文献
  • 馆藏检索
  • 电子资源
  • 读者导购
  • 参考咨询
  • 我的图书馆
  • 登录
  • 详细信息显示
  • 放入我的书架
  • 预约/预借图书
  • 作者相关作品
  • 分类相关作品
  • 丛书相关作品
  • 出版社相关作品

书目信息

  • 表格格式
  • 工作单格式
  • 卡片格式
题名:
博弈学习理论
    
 
作者: 莱文 , 弗登博格 著 ;肖争艳 , 侯成琪 译
分册:  
出版信息: 北京   中国人民大学出版社  2004
页数: 329页
开本: 24cm
丛书名: 当代世界学术名著. 经济学系列
单 册:
中图分类: O225
科图分类:
主题词: 对策论
电子资源:
ISBN: 7-300-05747-0
000 01266nam0 2200313 450
000 01284nam0 2200313 450
000 01217nam0 2200289 450
000 01181oam2 2200277 45
005 20070722182838.21
010    @a7-300-05747-0@dCNY32.00
100    @a20070626d2004 em y0chiy0120 ea
101 1  @achi@ceng
102    @aCN@b110000
105    @ay z 000yy
200 1  @a博弈学习理论@ABo Yi Xue Xi Li Lun@f(美)朱·弗登伯格(Drew Fudenberg),(美)戴维·K.莱文(David K.Levine)著@F( Mei ) Zhu· Fu Deng Bo Ge (Drew Fudenberg),( Mei ) Dai Wei· K. Lai Wen (David K.Levine) Zhu@g肖争艳,侯成琪译
210    @a北京@c中国人民大学出版社@d2004
215    @a329页@d24cm
225 2  @a当代世界学术名著. 经济学系列
330    @a本书针对经济学领域博弈理论中的均衡问题,提出了相对传统理论的“另一种解释”,其研究的具体模型为均衡理论提供了基础、方法。
410  0 @12001 @a当代世界学术名著. 经济学系列
510 1  @aThe Theory of Learning in Games@zeng
606 0  @a对策论
690    @aO225@v4
701  1 @c(美)@a莱文@ALai Wen@g(Levine, David K.)@4著
701  1 @c(美)@a弗登博格@AFu Deng Bo Ge@g(Fudenberg, Drew)@4著
702  0 @a肖争艳@AXiao Zheng Yan@4译
702  0 @a侯成琪@AHou Cheng Qi@4译
801  0 @aCN@bTAOJIN@c20070722
905    @a10447@dO225@e137
    
    博弈学习理论/(美)朱·弗登伯格(Drew Fudenberg),(美)戴维·K.莱文(David K.Levine)著/肖争艳,侯成琪译.-北京:中国人民大学出版社,2004
    329页;24cm.-(当代世界学术名著. 经济学系列)
    
    
    ISBN 7-300-05747-0:CNY32.00
    本书针对经济学领域博弈理论中的均衡问题,提出了相对传统理论的“另一种解释”,其研究的具体模型为均衡理论提供了基础、方法。
●
相关链接 在E读中查询图书 在五车中查询图书 在当当中查询图书 在豆瓣中查询图书


正题名:博弈学习理论     索取号:O225/137         预约/预借

序号 登录号 条形码 馆藏地/架位号 状态 备注
1 0823342   208233428   第二样本阅览室/ [索取号:O225/137] 在馆    
2 0823343   208233437   第三借阅区/ [索取号:O225/137] 在馆    
3 0823344   208233446   第三借阅区/ [索取号:O225/137] 在馆    
4 0823345   208233455   第三借阅区/ [索取号:O225/137] 在馆    
5 0823346   208233464   第三借阅区/ [索取号:O225/137] 在馆    
6 0823347   208233473   第三借阅区/ [索取号:O225/137] 在馆    
7 0823348   208233482   第三借阅区/ [索取号:O225/137] 在馆    
8 0823349   208233491   第三借阅区/ [索取号:O225/137] 在馆    
唐山师范学院图书馆 欢迎您!
大连网信软件有限公司© 版权所有